Marketing: A Managerial Approach (Record no. 2637)

MARC details
005 - DATE AND TIME OF LATEST TRANSACTION
control field 20250526064214.0
020 ## - INTERNATIONAL STANDARD BOOK NUMBER
International Standard Book Number 0-538-19100-7
082 ## - DEWEY DECIMAL CLASSIFICATION NUMBER
Classification number 658. 8 CUN
100 ## - MAIN ENTRY--PERSONAL NAME
Author name CUNNINGHAM, W. H.
245 ## - TITLE STATEMENT
Title Marketing: A Managerial Approach
260 ## - PUBLICATION, DISTRIBUTION, ETC.
Place of publication, distribution, etc. Cincinnati,
Name of publisher, distributor, etc. South-Western Publishing,
Date of publication, distribution, etc. 1981.
300 ## - PHYSICAL DESCRIPTION
Extent ix, 662p.: ill.; figure, graph, map, picture, table.
Other physical details Index.
Dimensions 24cm.
700 ## - ADDED ENTRY--PERSONAL NAME
Other authors/Editors CUNNINGHAM, I. C. M.
942 ## - ADDED ENTRY ELEMENTS (KOHA)
Source of classification or shelving scheme Dewey Decimal Classification
Koha item type Books
Holdings
Date last seen Total checkouts Full call number Barcode Cost, replacement price Price effective from Koha item type Lost status Source of classification or shelving scheme Damaged status Not for loan Withdrawn status Home library Current library Shelving location Date acquired Cost, normal purchase price
06/29/2025   658.8 CUN DOM0004221 30000.00 06/29/2025 Books   Dewey Decimal Classification       CBE Dodoma CBE Dodoma General Collection 11/02/1985 10000.00
05/26/2025   658. 8 CUN 0000009822 30000.00 05/26/2025 Books   Dewey Decimal Classification       College of Business Education Main Library College of Business Education Main Library General Collection 11/02/1985 10000.00
05/26/2025   658. 8 CUN 0000009832 30000.00 05/26/2025 Books   Dewey Decimal Classification       College of Business Education Main Library College of Business Education Main Library General Collection 11/02/1985 10000.00
05/26/2025   658. 8 CUN 0000009833 30000.00 05/26/2025 Books   Dewey Decimal Classification       College of Business Education Main Library College of Business Education Main Library General Collection 11/02/1985 10000.00
05/26/2025   658. 8 CUN 0000009834 30000.00 05/26/2025 Books   Dewey Decimal Classification       College of Business Education Main Library College of Business Education Main Library General Collection 11/02/1985 10000.00
05/26/2025   658. 8 CUN 0000009835 30000.00 05/26/2025 Books   Dewey Decimal Classification       College of Business Education Main Library College of Business Education Main Library General Collection 11/02/1985 10000.00
05/26/2025   658. 8 CUN 0000009836 30000.00 05/26/2025 Books   Dewey Decimal Classification       College of Business Education Main Library College of Business Education Main Library General Collection 11/02/1985 10000.00